000 01846cim a2200457 a 4500
999 _c127859
_d127859
001 18872523
003 ARRUPE
005 20180406104214.0
007 sd fsngnnmmned
008 151125s2013 nyunnn| z | eng d
010 _a 2015629771
020 _a9781611137521
020 _a1611137527
028 0 2 _a2-22752
_bHachette Audio
035 _a(OCoLC)ocn827257609
040 _aBTCTA
_beng
_cBTCTA
_dTEF
_dTEFMT
_dIMD
_dCGP
_dRECBX
_dOCLCO
_dVP@
_dVET
_dOJ4
_dJP3
_dLD4
_dDLC
042 _alccopycat
050 0 0 _aBF503
_b.G53
082 0 4 _a155.2/4
_223
100 1 _aGladwell, Malcolm,
_d1963-
_941304
245 1 0 _aDavid and Goliath
_bunderdogs, misfits, and the art of battling giants /
_cMalcolm Gladwell.
260 _aNew York :
_bBack Bay Books,
_c2013.
300 _axix, 327p ;
_c21cm.
508 _aProducer, Cheryl Smith ; director, John McElroy.
511 0 _aRead by the author.
520 _aMalcolm Gladwell, with his unparalleled ability to grasp connections others miss, uncovers the hidden rules that shape the balance between the weak and the mighty, the powerful and the dispossessed.
650 0 _aMotivation (Psychology)
_941305
650 0 _aStruggle
_xPsychological aspects.
_941306
650 0 _aOpportunity.
_941307
650 0 _aSuccess.
_941308
650 2 _aAchievement.
_913453
650 2 _aMotivation.
_914554
655 7 _aAudiobooks.
_2lcgft
_914326
906 _a7
_bcbc
_ccopycat
_d2
_encip
_f20
_gy-soundrec
942 _2lcc
_cMONOGRAPH